| 000 | 00558nam a2200205Ia 4500 | ||
|---|---|---|---|
| 005 | 20250326140552.0 | ||
| 008 | 250326s9999 xx 000 0 und d | ||
| 020 | _a9171-51-261-0 | ||
| 037 | _aTextbook | ||
| 040 |
_aFMSL _beng _cFMSL |
||
| 041 |
_aeng _2eng |
||
| 084 |
_aX:9 N9 _qFMSL |
||
| 100 |
_aDecenzo D A _9736754 |
||
| 245 | 0 |
_aHuman resource management _cDecenzo D A; Robbins S P |
|
| 250 | _aEd 6 | ||
| 260 |
_aNew York _bNew York, John Wiley & Sons _c1999 |
||
| 300 | _a567p | ||
| 942 |
_cTB _hX:9 N9 |
||
| 999 |
_c1286350 _d1286350 |
||